000 00847nam a2200265Ia 4500
001 16501
003 GE_BSU
008 181216s||||||||xx |||||||||||||| ||und||
020 _a9785970414415
040 _cGE_BSU
080 _a577(075.8)+544
100 _aАвт:Колл,А,П, Беляева, В,И,Кучук,К,И, Евстратова
245 _aФизическая и коллоидная химия
245 _bУчебник
245 _cПод ред: А,П,Беляева
260 _aМосква
260 _bЭотар-Медиа
260 _c2010
300 _a704стр,ил,21см
541 _h96л,
653 _aФизическая и коллоидная химия
653 _aფიზიკური და კოლოიდური ქიმია
653 _aქიმია
942 _cBK
999 _c49569
_d49569